000 00605nam a22002057a 4500
999 _c180478
_d180478
005 20210810122633.0
010 _aENG-129734
020 _a9789390394234
_c599.00
035 _aEN-113266
037 _bDBAD/PUB
082 _a658.049
100 _aVarma, Sumati
245 _aInternational business /
_cby Sumati Varma
250 _a2nd ed.
260 _aNoida
_bPearson
_c2021
270 _a15th Floor, Tower-B, World Trade Tower, Plot No.1, Block-C, Sector-16
_bNoida
_e201301
300 _axxxvi, 506p.
_c25cm(pbk)
500 _ainclude index
942 _2ddc
_cEN
_h658.049
_mVAR